000 00395nam a22001457a 4500
020 _a81-88582-17-4
082 _a894.812.3
_bKRI/D
100 _aKRISHNADAS
245 _aDUBAIPUZHA
_bPRAVASATHINTE DHINANTHYAKKURIPPUKAL
_cMALAYALATHILE PRASASTHAMAYA ORMMA PUSTHAKAM
260 _aTHRISSUR
_bGREEN BOOKS PRIVATE LIMITED
_c2014
300 _a151
520 _aNOVEL
650 _aNOVEL
942 _cBK
999 _c4957
_d4957